1006 1571 1230 1361 1365 1101 1065 1929 1952 1024 1651 1308 1988 1333 1400 1772 1951 1646 1898 1290 1662 1553 1946 1386 1411 1547 1558 1590 1453 1347 1456 1261 1462 1588 1915 1623 1270 1303 1658 1113 1100 1131 1516 1204 1644 1822 1669 1507 1990 1491 1973 1480 1290 1458 1474 1016 1232 1232 1869 1718 1987 1612 1622 1787 1213 1516 1393 1428 1780 1632 1458 1827 1797 1439 1495 1177 1696 1138 1909 1931 1203 1307 1441 1281 1622 1474 1562 1770 1360 1023 1366 1338 1992 1380 1401 1021 1757 1201 1065 BCNSPRNW ULIB Ver.6.0+V

เปลี่ยนเป็นภาษาไทย

Change to English
 แสดงรายละเอียดบรรณานุกรม
  กลับหน้าหลัก

Brief Record : Get Marc (ISO 2709) : E-mail record : QR code < ปิดหน้าต่าง
LEADER : 00000nam 2200000uu 4500
001    13399124738
003     ULIB
008    020711s2558 th a 000 0 tha d
099    วจ.WQ500^bพ451ป
100    พลอยไพลิน มาสุข กำแพงจินดา
245    ปัจจัยที่ส่งผลต่อการทำหน้าทีครอบครัวของมาดาวัยรุ่นในระยะคลอด/^cพลอยไพลิน มาสุข กำแพงจินดา และอัจฉโรบล แสงประเสริฐ
260    นครสวรรค์ :^bวิทยาลัยพยาบาลบรมราชชนนี สวรรค์ประชารักษ์ นครสวรรค์,^c2558
300    64 หน้า;^b28.5 ซม.
650    มารดาวัยรุ่น^xระยะคลอด
700    อัจฉโรบล แสงประเสริฐ
945    ^p0^l0^i23271
999    ^aทศพร เกษรทอง
รายการนี้ยังไม่มีแท็ก
คุณยังไม่ได้ล็อกอิน คุณสามารถมีกิจกรรมร่วมกับเว็บไซต์ได้ แต่ต้องล็อกอินก่อน ::
  ล็อกอิน

รายการสื่อสารสนเทศ

ลำดับที่ ประเภท เลขเรียก/บาร์โค้ด สถานที่ สถานะ
1. งานวิจัย
งานวิจัย
วจ.WQ500 พ451ป ฉ.1 
  Barcode: 23271
ห้องสมุดวิทยาเขตนครสวรรค์
►วิจัย:l:Research Room
บนชั้น

รายการใกล้เคียง
    ผู้แต่ง [พลอยไพลิน มาสุข กำแพงจินดา]

BibComment


ยังไม่เคยถูกคอมเมนท์

คอมเมนท์ทรัพยากรรายการนี้
  คอมเมนท์: ปัจจัยที่ส่งผลต่อ..


 Copyright 2026. Bcnsprnw @Library